[Event "XLIV Memoriał Szachowy Ludwika Zamenhofa 2025, Grupa B"]
[Site "Bialystok, Poland"]
[Date "2025.12.29"]
[Round "6.6"]
[White "Jakubowska, Anna"]
[Black "Kicinski, Jacek"]
[Result "0-1"]
[TimeControl "90'+30\""]
[WhiteElo "2139"]
[BlackElo "1878"]

1. e4 {[%clk 01:30:57]} {[%emt 00:00:03]} e5 {[%clk 01:30:27]} {[%emt
00:00:33]} 2. Nc3 {[%clk 01:30:33]} {[%emt 00:00:54]} Nc6 {[%clk 01:30:20]}
{[%emt 00:00:30]} 3. g3 {[%clk 01:30:58]} {[%emt 00:00:11]} Bc5 {[%clk
01:30:17]} {[%emt 00:00:34]} 4. Bg2 {[%clk 01:31:06]} {[%emt 00:00:21]} Nge7
{[%clk 01:28:10]} {[%emt 00:02:38]} 5. Nge2 {[%clk 01:30:33]} {[%emt 00:01:02]}
a5 {[%clk 01:25:45]} {[%emt 00:02:56]} 6. O-O {[%clk 01:29:59]} {[%emt
00:01:04]} d6 {[%clk 01:25:17]} {[%emt 00:00:58]} 7. Nd5 {[%clk 01:27:35]}
{[%emt 00:02:53]} O-O {[%clk 01:23:07]} {[%emt 00:02:40]} 8. c3 {[%clk
01:24:07]} {[%emt 00:03:59]} Ba7 {[%clk 00:56:56]} {[%emt 00:26:42]} 9. d3
{[%clk 01:16:15]} {[%emt 00:08:20]} Nxd5 {[%clk 00:51:24]} {[%emt 00:06:03]} 10.
exd5 {[%clk 01:16:40]} {[%emt 00:00:05]} Ne7 {[%clk 00:51:48]} {[%emt
00:00:06]} 11. Kh1 {[%emt 00:10:34]} c6 12. dxc6 {[%clk 01:08:58]} {[%emt
00:00:01]} bxc6 {[%clk 00:50:43]} {[%emt 00:00:12]} 13. f4 {[%clk 01:07:15]}
{[%emt 00:02:12]} Be6 {[%clk 00:45:24]} {[%emt 00:05:49]} 14. d4 {[%clk
01:05:37]} {[%emt 00:02:09]} exd4 {[%clk 00:34:49]} {[%emt 00:11:05]} 15. Nxd4
{[%clk 01:05:21]} {[%emt 00:00:46]} Bxd4 {[%clk 00:34:39]} {[%emt 00:00:40]} 16.
Qxd4 {[%clk 01:05:34]} {[%emt 00:00:17]} Bd5 {[%clk 00:34:47]} {[%emt
00:00:22]} 17. f5 {[%clk 01:05:19]} {[%emt 00:00:45]} Bxg2+ {[%clk 00:32:54]}
{[%emt 00:02:23]} 18. Kxg2 {[%clk 01:05:44]} {[%emt 00:00:05]} f6 {[%clk
00:33:02]} {[%emt 00:00:22]} 19. Bf4 {[%clk 00:56:38]} {[%emt 00:09:35]} d5
{[%clk 00:30:10]} {[%emt 00:03:22]} 20. g4 {[%clk 00:51:41]} {[%emt 00:05:27]}
Nc8 {[%clk 00:28:56]} {[%emt 00:01:44]} 21. Rae1 {[%clk 00:48:26]} {[%emt
00:03:45]} Qb6 {[%clk 00:21:08]} {[%emt 00:08:19]} 22. Qxb6 {[%clk 00:46:03]}
{[%emt 00:02:53]} Nxb6 {[%clk 00:21:37]} 23. Re6 {[%clk 00:46:27]} {[%emt
00:00:06]} Rac8 {[%clk 00:18:44]} {[%emt 00:03:23]} 24. Rfe1 {[%clk 00:46:42]}
{[%emt 00:00:15]} Na4 {[%clk 00:18:52]} {[%emt 00:00:22]} 25. Bd6 {[%clk
00:28:24]} {[%emt 00:18:48]} Rfd8 {[%clk 00:17:41]} {[%emt 00:01:41]} 26. R1e2
{[%clk 00:27:27]} {[%emt 00:01:27]} h6 {[%clk 00:16:02]} {[%emt 00:02:09]} 27.
Kf3 {[%clk 00:23:37]} {[%emt 00:04:19]} Rd7 {[%clk 00:13:16]} {[%emt 00:03:16]}
28. h4 {[%clk 00:19:43]} {[%emt 00:04:25]} Rcd8 {[%clk 00:12:22]} {[%emt
00:01:24]} 29. Be7 {[%clk 00:20:08]} {[%emt 00:00:05]} Rb8 {[%clk 00:12:33]}
{[%emt 00:00:19]} 30. Ba3 {[%clk 00:12:44]} {[%emt 00:07:54]} c5 {[%clk
00:09:08]} {[%emt 00:03:55]} 31. Re8+ {[%clk 00:10:20]} {[%emt 00:02:53]} Rxe8
{[%clk 00:09:31]} {[%emt 00:00:08]} 32. Rxe8+ {[%clk 00:10:49]} {[%emt
00:00:02]} Kh7 {[%clk 00:08:27]} {[%emt 00:01:34]} 33. Ra8 {[%clk 00:05:35]}
{[%emt 00:05:45]} d4 {[%clk 00:08:52]} {[%emt 00:00:04]} 34. cxd4 {[%clk
00:05:56]} {[%emt 00:00:09]} cxd4 {[%clk 00:09:17]} {[%emt 00:00:05]} 35. Ke2
{[%clk 00:06:16]} {[%emt 00:00:10]} d3+ {[%clk 00:09:28]} {[%emt 00:00:19]} 36.
Kd2 {[%clk 00:06:43]} {[%emt 00:00:04]} Nb6 {[%clk 00:09:02]} {[%emt 00:00:56]}
37. Re8 {[%clk 00:06:45]} {[%emt 00:00:27]} Nc4+ {[%clk 00:09:05]} {[%emt
00:00:27]} 38. Kd1 {[%clk 00:07:13]} {[%emt 00:00:03]} Rd4 {[%clk 00:08:15]}
{[%emt 00:01:19]} 39. g5 {[%clk 00:05:02]} {[%emt 00:02:41]} hxg5 {[%clk
00:08:39]} {[%emt 00:00:06]} 40. hxg5 {[%clk 00:05:31]} fxg5 {[%clk 00:09:03]}
{[%emt 00:00:06]} 41. Bc5 {[%clk 00:05:15]} {[%emt 00:00:46]} Rd5 {[%clk
00:08:42]} {[%emt 00:00:50]} 42. Ba7 {[%clk 00:01:44]} {[%emt 00:04:02]} Nxb2+
{[%clk 00:09:01]} {[%emt 00:00:11]} 43. Kd2 {[%clk 00:02:12]} {[%emt 00:00:02]}
Nc4+ {[%clk 00:09:19]} {[%emt 00:00:12]} 44. Kd1 {[%clk 00:02:37]} {[%emt
00:00:04]} Rxf5 {[%clk 00:09:08]} {[%emt 00:00:42]} 0-1

[Event "XLIV Memoriał Szachowy Ludwika Zamenhofa 2025, Grupa B"]
[Site "Bialystok, Poland"]
[Date "2025.12.29"]
[Round "6.7"]
[White "Madejski, Milosz"]
[Black "Leskiewicz, Ignacy"]
[Result "1-0"]
[TimeControl "90'+30\""]
[WhiteElo "1917"]
[BlackElo "2118"]

1. d4 {[%clk 01:30:53]} {[%emt 00:00:08]} Nf6 {[%clk 01:28:53]} {[%emt
00:02:00]} 2. c4 {[%clk 01:31:03]} {[%emt 00:00:27]} e6 {[%clk 01:28:56]}
{[%emt 00:00:25]} 3. Nf3 {[%clk 01:31:26]} {[%emt 00:00:08]} b6 {[%clk
01:29:21]} {[%emt 00:00:06]} 4. g3 {[%clk 01:31:47]} {[%emt 00:00:09]} Ba6
{[%clk 01:28:59]} {[%emt 00:00:52]} 5. Nbd2 {[%clk 01:31:24]} {[%emt 00:00:52]}
c5 {[%clk 01:23:04]} {[%emt 00:06:25]} 6. e4 {[%clk 01:31:06]} {[%emt
00:00:48]} cxd4 {[%clk 01:16:18]} {[%emt 00:07:16]} 7. Nxd4 {[%clk 01:30:34]}
{[%emt 00:01:02]} Bb7 {[%clk 01:15:02]} {[%emt 00:01:46]} 8. Bg2 {[%clk
01:30:50]} {[%emt 00:00:14]} d6 {[%clk 01:15:18]} {[%emt 00:00:14]} 9. O-O
{[%clk 01:30:48]} {[%emt 00:00:32]} a6 {[%clk 01:14:07]} {[%emt 00:01:41]} 10.
b3 {[%clk 01:30:33]} {[%emt 00:00:45]} Qc7 {[%clk 00:59:50]} {[%emt 00:14:47]}
11. Bb2 {[%clk 01:29:37]} {[%emt 00:01:26]} Nc6 {[%clk 00:58:35]} {[%emt
00:01:45]} 12. Qe2 {[%clk 01:29:10]} {[%emt 00:00:57]} Be7 {[%clk 00:50:26]}
{[%emt 00:08:39]} 13. Rad1 {[%clk 01:25:10]} {[%emt 00:04:30]} O-O {[%clk
00:43:27]} {[%emt 00:07:29]} 14. Rfe1 {[%clk 01:25:14]} {[%emt 00:00:26]} Nxd4
{[%clk 00:33:28]} {[%emt 00:10:29]} 15. Bxd4 {[%clk 01:25:42]} {[%emt
00:00:03]} Nd7 {[%clk 00:33:38]} {[%emt 00:00:19]} 16. Nf1 {[%clk 01:20:44]}
{[%emt 00:05:29]} Rfc8 {[%clk 00:27:18]} {[%emt 00:06:49]} 17. h4 {[%clk
01:18:36]} {[%emt 00:02:38]} b5 {[%clk 00:21:22]} {[%emt 00:06:26]} 18. Ne3
{[%clk 01:12:51]} {[%emt 00:06:14]} Bf6 {[%clk 00:18:06]} {[%emt 00:03:46]} 19.
Qd2 {[%clk 01:12:02]} {[%emt 00:01:20]} Rd8 {[%clk 00:10:00]} {[%emt 00:08:36]}
20. Rc1 {[%clk 01:11:33]} {[%emt 00:01:00]} Bxd4 {[%clk 00:10:02]} {[%emt
00:00:28]} 21. Qxd4 {[%clk 01:12:00]} {[%emt 00:00:02]} b4 {[%clk 00:10:27]}
{[%emt 00:00:05]} 22. Nc2 {[%clk 01:06:20]} {[%emt 00:06:09]} a5 {[%clk
00:09:45]} {[%emt 00:01:13]} 23. a3 {[%clk 01:05:18]} {[%emt 00:01:32]} Nc5
{[%clk 00:10:06]} {[%emt 00:00:09]} 24. Qe3 {[%clk 01:05:04]} {[%emt 00:00:44]}
Qb6 {[%clk 00:09:25]} {[%emt 00:01:11]} 25. axb4 {[%clk 01:03:27]} {[%emt
00:02:07]} axb4 {[%clk 00:09:54]} {[%emt 00:00:02]} 26. Ra1 {[%clk 01:03:56]}
Bc6 {[%clk 00:08:57]} {[%emt 00:01:26]} 27. Kh2 {[%clk 01:03:12]} {[%emt
00:01:14]} Qb7 {[%clk 00:08:21]} {[%emt 00:01:07]} 28. f3 {[%clk 01:02:23]}
{[%emt 00:01:19]} h6 {[%clk 00:07:11]} {[%emt 00:01:39]} 29. Red1 {[%clk
01:02:22]} {[%emt 00:00:31]} Rxa1 30. Rxa1 {[%clk 01:02:42]} Qb6 {[%clk
00:04:29]} {[%emt 00:01:16]} 31. Rd1 {[%clk 01:02:13]} {[%emt 00:00:59]} e5
{[%clk 00:04:25]} {[%emt 00:00:34]} 32. Ra1 {[%clk 01:01:41]} {[%emt 00:01:02]}
Ra8 {[%clk 00:04:02]} {[%emt 00:00:53]} 33. Rxa8+ {[%clk 01:01:00]} {[%emt
00:01:11]} Bxa8 {[%clk 00:04:31]} {[%emt 00:00:01]} 34. Kg1 {[%clk 00:59:53]}
{[%emt 00:01:38]} Kf8 {[%clk 00:04:03]} {[%emt 00:00:57]} 35. Kh2 {[%clk
00:59:18]} {[%emt 00:01:05]} Qa5 {[%clk 00:03:11]} {[%emt 00:01:21]} 36. Qd2
{[%clk 00:59:36]} {[%emt 00:00:12]} Ke7 {[%clk 00:03:17]} {[%emt 00:00:25]} 37.
Nxb4 {[%clk 00:58:36]} {[%emt 00:01:31]} Nxb3 {[%clk 00:03:07]} {[%emt
00:00:40]} 38. Qc3 {[%clk 00:59:04]} Qa4 {[%clk 00:02:44]} {[%emt 00:00:53]} 39.
Nd3 {[%clk 00:56:58]} {[%emt 00:02:36]} Nd4 {[%clk 00:01:04]} {[%emt 00:02:10]}
40. c5 {[%clk 00:56:52]} {[%emt 00:00:36]} Qc2 {[%clk 00:00:54]} {[%emt
00:00:40]} 41. cxd6+ {[%clk 00:56:37]} {[%emt 00:00:46]} Kxd6 {[%clk 00:01:09]}
{[%emt 00:00:14]} 42. Qa3+ {[%clk 00:56:49]} {[%emt 00:00:17]} Kc7 {[%clk
00:00:36]} {[%emt 00:01:04]} 43. Nxe5 {[%clk 00:56:28]} {[%emt 00:00:52]} Bb7
{[%clk 00:00:33]} {[%emt 00:00:32]} 44. Qe7+ {[%clk 00:56:43]} {[%emt
00:00:15]} Kb6 {[%clk 00:00:42]} {[%emt 00:00:20]} 45. Qd6+ {[%clk 00:56:03]}
{[%emt 00:01:11]} Nc6 {[%clk 00:01:11]} {[%emt 00:00:01]} 46. Nxf7 {[%clk
00:55:50]} {[%emt 00:00:42]} Ka7 {[%clk 00:00:44]} {[%emt 00:00:57]} 47. Qc7
{[%clk 00:55:45]} {[%emt 00:00:36]} Qf2 {[%clk 00:00:35]} {[%emt 00:00:39]} 48.
Nd6 {[%clk 00:55:59]} {[%emt 00:00:16]} 1-0

[Event "XLIV Memoriał Szachowy Ludwika Zamenhofa 2025, Grupa B"]
[Site "Bialystok, Poland"]
[Date "2025.12.29"]
[Round "6.8"]
[White "Padalka, Artem"]
[Black "Zareba, Maciej"]
[Result "0-1"]
[TimeControl "90'+30\""]
[WhiteElo "2111"]
[BlackElo "1890"]

1. d4 {[%clk 01:30:30]} {[%emt 02:34:18]} Nf6 {[%clk 01:29:12]} {[%emt
00:01:50]} 2. c4 {[%clk 01:30:24]} {[%emt 00:00:37]} e6 {[%clk 01:28:19]}
{[%emt 00:01:22]} 3. Nc3 {[%clk 01:30:46]} {[%emt 00:00:08]} Bb4 {[%clk
01:28:33]} {[%emt 00:00:15]} 4. a3 {[%clk 01:25:14]} {[%emt 00:06:03]} Bxc3+
{[%clk 01:28:05]} {[%emt 00:00:57]} 5. bxc3 {[%clk 01:25:42]} {[%emt 00:00:03]}
Ne4 {[%clk 01:25:36]} {[%emt 00:02:59]} 6. Nh3 {[%clk 01:14:49]} {[%emt
00:11:23]} h6 {[%clk 01:18:59]} {[%emt 00:07:08]} 7. f3 {[%clk 01:13:18]}
{[%emt 00:02:00]} Nf6 {[%clk 01:13:48]} {[%emt 00:05:41]} 8. e4 {[%clk
01:12:11]} {[%emt 00:01:37]} d6 {[%clk 01:13:20]} {[%emt 00:00:58]} 9. Be3
{[%clk 01:05:56]} {[%emt 00:06:45]} b6 {[%clk 01:12:23]} {[%emt 00:01:28]} 10.
Bd3 {[%clk 01:03:26]} {[%emt 00:02:59]} Nbd7 {[%clk 01:11:59]} {[%emt
00:00:54]} 11. O-O {[%clk 01:02:15]} {[%emt 00:01:40]} Bb7 {[%clk 01:09:21]}
{[%emt 00:03:09]} 12. a4 {[%clk 01:01:06]} {[%emt 00:01:39]} a5 {[%clk
01:08:18]} {[%emt 00:01:33]} 13. Nf2 {[%clk 00:40:37]} {[%emt 00:20:59]} Qe7
{[%clk 01:07:15]} {[%emt 00:01:32]} 14. f4 {[%clk 00:36:22]} {[%emt 00:04:46]}
e5 {[%clk 01:03:34]} {[%emt 00:04:11]} 15. fxe5 {[%clk 00:30:33]} {[%emt
00:06:19]} dxe5 {[%clk 01:02:51]} {[%emt 00:01:13]} 16. d5 {[%clk 00:28:20]}
{[%emt 00:02:43]} Nc5 {[%clk 01:00:14]} {[%emt 00:03:07]} 17. Nh1 {[%clk
00:22:07]} {[%emt 00:06:43]} Bc8 {[%clk 00:58:16]} {[%emt 00:02:28]} 18. Qb1
{[%clk 00:13:25]} {[%emt 00:09:11]} Ng4 {[%clk 00:55:01]} {[%emt 00:03:46]} 19.
Bd2 {[%clk 00:11:12]} {[%emt 00:02:43]} Ba6 {[%clk 00:45:40]} {[%emt 00:09:51]}
20. Nf2 {[%clk 00:04:03]} {[%emt 00:07:39]} h5 {[%clk 00:42:39]} {[%emt
00:03:31]} 21. Nxg4 {[%clk 00:00:51]} {[%emt 00:03:42]} hxg4 {[%clk 00:42:49]}
{[%emt 00:00:19]} 22. Be1 {[%clk 00:01:10]} {[%emt 00:00:12]} Qg5 {[%clk
00:41:34]} {[%emt 00:01:45]} 23. Bf2 {[%clk 00:01:06]} {[%emt 00:00:35]} Qf4
{[%clk 00:40:24]} {[%emt 00:01:39]} 24. Bxc5 {[%clk 00:00:52]} {[%emt
00:00:44]} Qxh2+ {[%clk 00:40:27]} {[%emt 00:00:27]} 25. Kf2 {[%clk 00:01:21]}
bxc5 {[%clk 00:40:25]} {[%emt 00:00:33]} 26. Qb2 {[%clk 00:00:50]} {[%emt
00:01:00]} Rh6 {[%clk 00:38:58]} {[%emt 00:01:57]} 27. Ke2 {[%clk 00:00:59]}
{[%emt 00:00:22]} Qxg2+ {[%clk 00:39:17]} {[%emt 00:00:11]} 28. Rf2 {[%clk
00:01:27]} Qxf2+ {[%clk 00:39:45]} {[%emt 00:00:02]} 29. Kxf2 {[%clk 00:01:29]}
{[%emt 00:00:28]} Rh2+ {[%clk 00:40:09]} {[%emt 00:00:06]} 0-1

[Event "XLIV Memoriał Szachowy Ludwika Zamenhofa 2025, Grupa B"]
[Site "Bialystok, Poland"]
[Date "2025.12.29"]
[Round "6.9"]
[White "Mielczarski, Miroslaw"]
[Black "Businski, Jan"]
[Result "1/2-1/2"]
[TimeControl "90'+30\""]
[WhiteElo "2042"]
[BlackElo "1867"]

1. c4 {[%clk 01:30:04]} {[%emt 00:00:45]} e5 {[%clk 01:30:58]} {[%emt
00:00:13]} 2. d3 {[%clk 01:29:48]} {[%emt 00:00:46]} d6 {[%clk 01:31:19]}
{[%emt 00:00:09]} 3. Nc3 {[%clk 01:29:47]} {[%emt 00:00:31]} Nc6 {[%clk
01:31:42]} {[%emt 00:00:06]} 4. g3 {[%clk 01:29:08]} {[%emt 00:01:09]} g6
{[%clk 01:32:05]} {[%emt 00:00:08]} 5. Bg2 {[%clk 01:29:31]} {[%emt 00:00:06]}
Bg7 {[%clk 01:32:32]} {[%emt 00:00:04]} 6. e3 {[%clk 01:26:06]} {[%emt
00:03:54]} f5 {[%clk 01:32:30]} {[%emt 00:00:32]} 7. Nge2 {[%clk 01:26:08]}
{[%emt 00:00:28]} Nf6 {[%clk 01:32:38]} {[%emt 00:00:22]} 8. Nd5 {[%clk
01:24:28]} {[%emt 00:02:10]} O-O {[%clk 01:25:58]} {[%emt 00:07:11]} 9. Nec3
{[%clk 01:21:09]} {[%emt 00:03:49]} Ne7 {[%clk 01:24:59]} {[%emt 00:01:29]} 10.
Nxf6+ {[%clk 01:13:21]} {[%emt 00:08:17]} Bxf6 {[%clk 01:25:12]} {[%emt
00:00:17]} 11. h4 {[%clk 01:08:24]} {[%emt 00:05:27]} h6 {[%clk 01:17:57]}
{[%emt 00:07:45]} 12. b3 {[%clk 00:47:41]} {[%emt 00:21:13]} c6 {[%clk
01:15:06]} {[%emt 00:03:21]} 13. Bb2 {[%clk 00:40:38]} {[%emt 00:07:34]} d5
{[%clk 00:42:20]} {[%emt 00:33:17]} 14. Ne2 {[%clk 00:40:37]} {[%emt 00:00:29]}
Bg7 {[%clk 00:40:28]} {[%emt 00:02:22]} 15. Qd2 {[%clk 00:38:37]} {[%emt
00:02:30]} Be6 {[%clk 00:38:37]} {[%emt 00:02:22]} 16. Rc1 {[%clk 00:28:27]}
{[%emt 00:10:39]} Qd7 {[%clk 00:34:45]} {[%emt 00:04:23]} 17. O-O {[%clk
00:22:04]} {[%emt 00:06:53]} Kh7 {[%clk 00:33:54]} {[%emt 00:01:19]} 18. f4
{[%clk 00:20:48]} {[%emt 00:01:48]} e4 {[%clk 00:19:40]} {[%emt 00:14:44]} 19.
Bxg7 {[%clk 00:17:33]} {[%emt 00:03:44]} Kxg7 {[%clk 00:20:01]} {[%emt
00:00:10]} 20. Rfd1 {[%clk 00:16:09]} {[%emt 00:01:53]} dxc4 {[%clk 00:19:05]}
{[%emt 00:01:27]} 21. Qc3+ {[%clk 00:16:17]} {[%emt 00:00:21]} Kh7 {[%clk
00:19:24]} {[%emt 00:00:12]} 22. dxc4 {[%clk 00:13:31]} {[%emt 00:03:16]} Qc7
{[%clk 00:19:37]} {[%emt 00:00:16]} 23. Rd2 {[%clk 00:11:05]} {[%emt 00:02:56]}
Rad8 {[%clk 00:18:47]} {[%emt 00:01:21]} 24. Rcd1 {[%clk 00:11:26]} {[%emt
00:00:08]} Rxd2 {[%clk 00:18:47]} {[%emt 00:00:31]} 25. Qxd2 {[%clk 00:09:18]}
{[%emt 00:02:38]} c5 {[%clk 00:17:19]} {[%emt 00:01:58]} 26. Qd6 {[%clk
00:09:12]} {[%emt 00:00:34]} Qxd6 {[%clk 00:16:46]} {[%emt 00:01:04]} 27. Rxd6
{[%clk 00:09:40]} {[%emt 00:00:02]} Bc8 {[%clk 00:15:39]} {[%emt 00:01:38]} 28.
Kf2 {[%clk 00:08:56]} {[%emt 00:01:14]} Kg7 {[%clk 00:15:40]} {[%emt 00:00:29]}
29. Nc3 {[%clk 00:07:27]} {[%emt 00:01:58]} Rf6 {[%clk 00:15:15]} {[%emt
00:00:55]} 30. Rd8 {[%clk 00:07:21]} {[%emt 00:00:35]} Rf8 {[%clk 00:13:06]}
{[%emt 00:02:41]} 31. Rd2 {[%clk 00:07:42]} {[%emt 00:00:09]} Rf6 {[%clk
00:11:59]} {[%emt 00:01:37]} 32. g4 {[%clk 00:06:36]} {[%emt 00:01:36]} a6
{[%clk 00:11:37]} {[%emt 00:00:52]} 33. g5 {[%clk 00:06:45]} {[%emt 00:00:21]}
Rc6 {[%clk 00:11:26]} {[%emt 00:00:41]} 34. Rd8 {[%clk 00:06:35]} {[%emt
00:00:37]} h5 {[%clk 00:07:04]} {[%emt 00:04:54]} 35. Bf1 {[%clk 00:06:48]}
{[%emt 00:00:17]} Be6 {[%clk 00:05:32]} {[%emt 00:02:03]} 36. Ke1 {[%clk
00:04:52]} {[%emt 00:02:26]} Rc8 {[%clk 00:05:48]} {[%emt 00:00:14]} 37. Rd6
{[%clk 00:05:07]} {[%emt 00:00:15]} Rc6 {[%clk 00:06:10]} {[%emt 00:00:09]} 38.
Rd2 {[%clk 00:05:19]} {[%emt 00:00:15]} Kf7 {[%clk 00:05:29]} {[%emt 00:01:13]}
39. Na4 {[%clk 00:05:21]} {[%emt 00:00:27]} Ke8 {[%clk 00:05:37]} {[%emt
00:00:23]} 40. Be2 {[%clk 00:05:37]} {[%emt 00:00:12]} Nc8 {[%clk 00:05:46]}
{[%emt 00:00:23]} 41. Kd1 {[%clk 00:05:40]} {[%emt 00:00:26]} Ke7 {[%clk
00:06:03]} {[%emt 00:00:14]} 42. Kc2 {[%clk 00:05:59]} {[%emt 00:00:10]} Nb6
{[%clk 00:05:39]} {[%emt 00:00:55]} 43. Nc3 {[%clk 00:03:43]} {[%emt 00:02:46]}
Rd6 {[%clk 00:06:03]} {[%emt 00:00:06]} 44. Nd1 {[%clk 00:03:06]} {[%emt
00:01:05]} Rxd2+ {[%clk 00:06:19]} {[%emt 00:00:16]} 45. Kxd2 {[%clk 00:03:35]}
Kf7 {[%emt 00:00:54]} 46. Nc3 {[%emt 00:00:14]} 1/2-1/2

[Event "XLIV Memoriał Szachowy Ludwika Zamenhofa 2025, Grupa B"]
[Site "Bialystok, Poland"]
[Date "2025.12.29"]
[Round "6.10"]
[White "Zimny, Jakub"]
[Black "Ptaszynski, Szymon"]
[Result "0-1"]
[TimeControl "90'+30\""]
[WhiteElo "1941"]
[BlackElo "2025"]

1. e4 {[%clk 01:30:53]} {[%emt 00:00:06]} c5 {[%clk 01:30:38]} {[%emt
00:00:23]} 2. Nf3 {[%clk 01:31:16]} {[%emt 00:00:07]} d6 {[%clk 01:31:04]}
{[%emt 00:00:04]} 3. d4 {[%clk 01:31:39]} {[%emt 00:00:08]} cxd4 {[%clk
01:31:28]} {[%emt 00:00:05]} 4. Nxd4 {[%clk 01:32:03]} {[%emt 00:00:05]} Nf6
{[%clk 01:31:49]} {[%emt 00:00:10]} 5. Nc3 {[%clk 01:32:29]} {[%emt 00:00:05]}
a6 {[%clk 01:32:16]} {[%emt 00:00:03]} 6. Bg5 {[%clk 01:32:43]} {[%emt
00:00:15]} e6 {[%clk 01:32:31]} {[%emt 00:00:15]} 7. f4 {[%clk 01:33:05]}
{[%emt 00:00:08]} Nbd7 {[%clk 01:32:28]} {[%emt 00:00:33]} 8. Qe2 {[%clk
01:33:26]} {[%emt 00:00:09]} Qc7 {[%clk 01:30:45]} {[%emt 00:02:13]} 9. O-O-O
{[%clk 01:33:47]} {[%emt 00:00:09]} Be7 {[%clk 01:30:13]} {[%emt 00:01:02]} 10.
g4 {[%clk 01:33:26]} {[%emt 00:00:51]} h6 {[%clk 01:25:39]} {[%emt 00:05:04]}
11. Bxf6 {[%clk 01:33:42]} {[%emt 00:00:14]} Bxf6 {[%clk 01:20:22]} {[%emt
00:05:47]} 12. Bg2 {[%clk 01:28:37]} {[%emt 00:05:34]} Qb6 {[%clk 01:16:33]}
{[%emt 00:04:17]} 13. Qd2 {[%clk 01:28:27]} {[%emt 00:00:44]} Ne5 {[%clk
01:04:49]} {[%emt 00:12:13]} 14. Na4 {[%clk 01:06:56]} {[%emt 00:22:01]} Qc7
{[%clk 01:03:39]} {[%emt 00:01:40]} 15. Qb4 {[%clk 01:07:15]} {[%emt 00:00:11]}
Nc4 {[%clk 00:54:01]} {[%emt 00:10:07]} 16. Qc3 {[%clk 01:02:40]} {[%emt
00:05:07]} Bd7 {[%clk 00:51:02]} {[%emt 00:03:28]} 17. Bf1 {[%clk 01:01:27]}
{[%emt 00:01:43]} Rc8 {[%clk 00:42:28]} {[%emt 00:09:04]} 18. b3 {[%clk
00:58:19]} {[%emt 00:03:38]} Ne3 {[%clk 00:36:24]} {[%emt 00:06:30]} 19. Qxe3
{[%clk 00:55:57]} {[%emt 00:02:56]} Bxd4 {[%clk 00:36:13]} {[%emt 00:00:41]} 20.
Qe2 {[%clk 00:56:07]} {[%emt 00:00:20]} e5 {[%clk 00:31:55]} {[%emt 00:04:48]}
21. f5 {[%clk 00:54:36]} {[%emt 00:02:00]} Bxa4 {[%clk 00:30:40]} {[%emt
00:01:45]} 22. bxa4 {[%clk 00:54:45]} {[%emt 00:00:23]} Qc3 {[%clk 00:30:59]}
{[%emt 00:00:08]} 23. Qd3 {[%clk 00:54:49]} {[%emt 00:00:27]} Qb2+ {[%clk
00:31:14]} {[%emt 00:00:12]} 24. Kd2 {[%clk 00:55:13]} {[%emt 00:00:10]} Rc3
{[%clk 00:31:38]} {[%emt 00:00:04]} 0-1

[Event "XLIV Memoriał Szachowy Ludwika Zamenhofa 2025, Grupa B"]
[Site "Bialystok, Poland"]
[Date "2025.12.29"]
[Round "6.11"]
[White "Slabicki, Andrzej"]
[Black "Fukowski, Pawel"]
[Result "0-1"]
[TimeControl "90'+30\""]
[WhiteElo "1892"]
[BlackElo "1997"]

1. Nf3 {[%clk 01:30:55]} {[%emt 00:00:04]} Nf6 {[%clk 01:30:27]} {[%emt
00:00:34]} 2. c4 {[%clk 01:31:13]} {[%emt 00:00:12]} e6 {[%clk 01:30:44]}
{[%emt 00:00:12]} 3. d4 {[%clk 01:31:26]} {[%emt 00:00:16]} Bb4+ {[%clk
01:30:20]} {[%emt 00:00:56]} 4. Bd2 {[%clk 01:31:40]} {[%emt 00:00:16]} a5
{[%clk 01:30:43]} {[%emt 00:00:07]} 5. Nc3 {[%clk 01:31:49]} {[%emt 00:00:21]}
b6 {[%clk 01:29:22]} {[%emt 00:01:51]} 6. e3 {[%clk 01:30:53]} {[%emt
00:01:25]} Bb7 {[%clk 01:28:15]} {[%emt 00:01:38]} 7. a3 {[%clk 01:30:18]}
{[%emt 00:01:04]} Bxc3 {[%clk 01:27:52]} {[%emt 00:00:53]} 8. bxc3 {[%clk
01:30:40]} {[%emt 00:00:08]} O-O {[%clk 01:27:20]} {[%emt 00:01:02]} 9. Rb1
{[%clk 01:30:09]} {[%emt 00:01:00]} d6 {[%clk 01:24:46]} {[%emt 00:03:06]} 10.
Bd3 {[%clk 01:26:48]} {[%emt 00:03:50]} Ne4 {[%clk 01:24:12]} {[%emt 00:01:05]}
11. O-O {[%clk 01:24:29]} {[%emt 00:02:49]} f5 {[%clk 01:22:43]} {[%emt
00:01:58]} 12. Ne1 {[%clk 01:18:45]} {[%emt 00:06:13]} Nd7 {[%clk 01:09:24]}
{[%emt 00:13:51]} 13. f3 {[%clk 01:18:30]} {[%emt 00:00:44]} Nxd2 {[%clk
01:05:25]} {[%emt 00:04:30]} 14. Qxd2 {[%clk 01:18:53]} {[%emt 00:00:07]} Qh4
{[%clk 01:03:47]} {[%emt 00:02:07]} 15. Nc2 {[%clk 01:08:54]} {[%emt 00:10:28]}
Rf6 {[%clk 01:01:00]} {[%emt 00:03:19]} 16. Qe1 {[%clk 00:59:58]} {[%emt
00:09:25]} Qh5 {[%clk 00:57:07]} {[%emt 00:04:24]} 17. e4 {[%clk 00:55:22]}
{[%emt 00:05:06]} f4 {[%clk 00:55:10]} {[%emt 00:02:27]} 18. Rb5 {[%clk
00:54:38]} {[%emt 00:01:13]} e5 {[%clk 00:53:38]} {[%emt 00:02:03]} 19. h3
{[%clk 00:49:23]} {[%emt 00:05:44]} Rg6 {[%clk 00:52:08]} {[%emt 00:02:00]} 20.
Kh2 {[%clk 00:47:29]} {[%emt 00:02:24]} Rf8 {[%clk 00:50:07]} {[%emt 00:02:31]}
21. Rh1 {[%clk 00:41:54]} {[%emt 00:06:04]} Rff6 {[%clk 00:45:51]} {[%emt
00:04:47]} 22. Qf2 {[%clk 00:41:13]} {[%emt 00:01:10]} Rg3 {[%clk 00:43:31]}
{[%emt 00:02:52]} 23. Bf1 {[%clk 00:39:11]} {[%emt 00:02:30]} Rh6 {[%clk
00:38:59]} {[%emt 00:05:03]} 24. dxe5 {[%clk 00:34:59]} {[%emt 00:04:43]} Nxe5
{[%clk 00:36:47]} {[%emt 00:02:41]} 25. Nd4 {[%clk 00:35:11]} {[%emt 00:00:18]}
Bc8 {[%clk 00:36:56]} {[%emt 00:00:22]} 26. Nf5 {[%clk 00:24:46]} {[%emt
00:10:54]} Bxf5 {[%clk 00:36:38]} {[%emt 00:00:49]} 27. exf5 {[%clk 00:25:10]}
{[%emt 00:00:05]} Qxf5 {[%clk 00:36:42]} {[%emt 00:00:26]} 28. Rd5 {[%clk
00:17:20]} {[%emt 00:08:20]} g5 {[%clk 00:35:27]} {[%emt 00:01:45]} 29. Rd4
{[%clk 00:17:24]} {[%emt 00:00:26]} Nxf3+ {[%clk 00:32:34]} {[%emt 00:03:24]}
30. Qxf3 {[%clk 00:16:44]} {[%emt 00:01:09]} Rxf3 {[%clk 00:32:46]} {[%emt
00:00:19]} 31. gxf3 {[%clk 00:17:10]} {[%emt 00:00:03]} Qc2+ {[%clk 00:32:35]}
{[%emt 00:00:42]} 32. Bg2 {[%clk 00:17:17]} {[%emt 00:00:23]} Re6 {[%emt
00:02:25]} 0-1